000 00398cam a22001337a 4500
008 180718b1948 xxu||||| |||| 00| 0 eng d
082 _aB7x5442 B639
100 _aBombay. Local Self-Government Committee
245 _aReport of the Local Self-Government Bombay, 1939
260 _aBombay
_bThe author
_c1948
300 _a102+p.
500 _aChairman: Kale, V.G.
700 _aKale, V.G. (Chairman)
999 _c391508
_d391508